| 000 | 01327cai a22002295a 4500 | ||
|---|---|---|---|
| 001 | L141557 | ||
| 008 | 071130s2007 xxkad f s 000 0 eng d | ||
| 035 | _a(Sirsi) u141557 | ||
| 041 | 0 | _aeng | |
| 050 | 0 | 4 | _a333.6324 $2 18 |
| 110 | 2 |
_aCB Richard Ellis _93675 |
|
| 245 | 0 | 0 |
_aCBRE global market rents _bNovember 2007 _h[electronic resource] |
| 260 |
_aLondon _bCBRE _c2007 |
||
| 490 | 0 |
_aCB Richard Ellis Global Market Rents _vNovember 2007 |
|
| 520 | _aReports that London is still the most expensive office market in the world, with occupation costs reaching $329 per square foot in the West End market and $181 per square foot in the City. The overall composition of the top ten most expensive cities in the world is unchanged over the last six months, but several cities, including Moscow and Mumbai, have moved up the ranking. Reports that the cost of occupying office space continues to rise around the world. Occupancy costs in the top ten fastest growing markets grew 53% on average and 27.6% in the top 50. | ||
| 590 | _aKA | ||
| 650 | 2 | 4 | _aCB RICHARD ELLIS GLOBAL MARKET RENTS |
| 651 | 4 | _aInternational | |
| 690 | _aPROPERTY-COMMERCIAL PROPERTY-COMMERCIAL PROPERTY MARKET | ||
| 856 | 4 | 8 |
_uhttps://www.cbre.com/ _zView this report free of charge after registration under researchat www.cbre.com... |
| 942 | _n0 | ||
| 999 |
_c107700 _d107700 |
||